Contenidos básicos para la educación polimodal; noviembre 1996 /

Guardado en:
Formato: Libro
Publicado: Buenos Aires : Secretar¡a de Programaci¢n y Evaluaci¢n Educativa, 1996
Etiquetas: Agregar Etiqueta
Sin Etiquetas, Sea el primero en etiquetar este registro!
LEADER 00461nam a22001335a 4500
001 CEM.cems009389
005 20090217105145.0
008 130507s1996##################000#0#####d
003 CEMS
082 0 4 |a 373.15 
245 0 0 |a Contenidos básicos para la educación polimodal; noviembre 1996 / 
260 |a Buenos Aires :  |b Secretar¡a de Programaci¢n y Evaluaci¢n Educativa,  |c 1996 
300 |a 420 p.1 
859 |a CEMS  |b BIB. CEMS - 11 de abril  |h 373.15  |i Ar37  |p 121.99  |t Ej.1  |v 1996  |3 1996